[Event "ROM-ch U10"]
[Site "Calimanesti Caciulata"]
[Date "2019.04.21"]
[Round "8"]
[White "Panaite, Mihai Teodor"]
[Black "Negoiu, Laurentiu Mario"]
[Result "1-0"]
[WhiteElo "1001"]
[BlackElo "1001"]
[PlyCount "59"]
[EventDate "2019.04.15"]
[EventType "swiss"]
[EventRounds "9"]
[EventCountry "ROU"]
[SourceTitle "CBM 190 Extra"]
[Source "ChessBase"]
[SourceDate "2019.07.15"]
[SourceVersion "1"]
[SourceVersionDate "2019.07.15"]
[SourceQuality "1"]

1. d4 e6 2. Bf4 Nc6 3. Nf3 Nf6 4. e3 Bb4+ 5. c3 Ba5 6. Nbd2 0-0 7. Bd3 b6 8. 0-0 d6 9. Bb5 Nb8 10. Qa4 e5 11. dxe5 dxe5 12. Bxe5 Ng4 13. Bf4 a6 14. Bd3 c6 15. Bxb8 b5 16. Qf4 g5 17. Qd6 Qxd6 18. Bxd6 Rd8 19. Nxg5 Rxd6 20. Bxh7+ Kf8 21. Nde4 Rd5 22. Rad1 Rxg5 23. Nxg5 b4 24. Rd3 bxc3 25. bxc3 Bxc3 26. Rxc3 Ke7 27. Rd1 Be6 28. Rcd3 Bxa2 29. Rd7+ Kf6 30. Ne4+ 1-0

[Event "ROM-ch U10"]
[Site "Calimanesti Caciulata"]
[Date "2019.04.17"]
[Round "4"]
[White "Negoiu, Laurentiu Mario"]
[Black "Radu, Eric Octavian"]
[Result "0-1"]
[WhiteElo "1001"]
[BlackElo "1001"]
[PlyCount "34"]
[EventDate "2019.04.15"]
[EventType "swiss"]
[EventRounds "9"]
[EventCountry "ROU"]
[SourceTitle "CBM 190 Extra"]
[Source "ChessBase"]
[SourceDate "2019.07.15"]
[SourceVersion "1"]
[SourceVersionDate "2019.07.15"]
[SourceQuality "1"]

1. e4 e5 2. Bc4 Nf6 3. Nf3 Nc6 4. Nc3 Nxe4 5. Nxe4 d5 6. Bb3 dxe4 7. Nh4 Qxh4 8. g3 Qd8 9. d4 exd4 10. h4 Bd6 11. Bg5 Be7 12. Bd2 0-0 13. 0-0 Bh3 14. Re1 Bxh4 15. gxh4 Qxh4 16. Rxe4 Qxe4 17. Kh2 Qg2# 0-1